000 00356cam a2200145ua 4500
041 _aeng
_h
082 _a613
_bCAR/ME
100 _aCarroll, Herbert.A .
245 _aMental Hygiene /
_cA.Herbert Carroll.
_hTextual Documents
260 _a :
_bEnglewood cliffs ,N.J, ,
_c1961.
300 _a428 ; .
504 _a
942 _cBK
999 _c1153
_d1153